000 00761nam a2200289Ia 4500
001 24860
003 IT-RoPAU
008 130308s9999 xx 000 0 und d
040 _aIT-RoPAU
040 _cIT-RoPAU
041 _aITALIANO
100 _aAvalle D'Arco Silvio
100 _gCodice Aut. SPICS: 9721
245 _aDinamica di fattori anomali
245 _bLetteratura e Semiologia in Italia
250 _a1a ed.
260 _aTORINO
260 _bRosenberg & Sellier
260 _c1979 [1° Ed.:1979 - Ed.Ling.Originale:1969]
300 _a"19 p. (prefazione: no ; testo: 19 [pagine: 63-81])"
650 _aSAGGI DI LINGUISTICA
650 _eCodice materia Spics: 3207
942 _cBK
957 _71
999 _c39866
_d39866
999 _bSI
999 _g1